[Event "Copenhagen Chess Challenge 2019"]
[Site "Ballerup"]
[Date "2019.05.19"]
[Round "8"]
[White "Shehzad, Shazil"]
[Black "Laustsen, Lars"]
[Result "0-1"]
[WhiteElo "2016"]
[BlackElo "2140"]
[PlyCount "84"]
[EventDate "2019.05.15"]
[EventRounds "9"]

1. e4 c5 2. Nf3 d6 3. d4 cxd4 4. Nxd4 Nf6 5. Nc3 a6 6. f3 e5 7. Nb3 Be6 8. Be3
h5 9. Nd5 Bxd5 10. exd5 Nbd7 11. Qd2 g6 12. Be2 Qc7 13. O-O Nb6 14. Bxb6 Qxb6+
15. Kh1 Bh6 16. Qd1 h4 17. f4 Bxf4 18. Qd3 Kf8 19. c4 Kg7 20. Rad1 Rae8 21. Qc2
Nd7 22. Qc3 Bh6 23. Na1 Qe3 24. Qxe3 Bxe3 25. b4 f5 26. Nb3 Nf6 27. Bf3 b6 28.
a4 Rc8 29. c5 bxc5 30. bxc5 Bxc5 31. Nxc5 Rxc5 32. Rb1 e4 33. Be2 a5 34. Rb7+
Kh6 35. Rd1 Nxd5 36. Rb5 Nc3 37. Rxc5 dxc5 38. Re1 Nxe2 39. Rxe2 Rd8 40. h3
Rd1+ 41. Kh2 c4 42. Rc2 e3 0-1

[Event "Copenhagen Chess Challenge 2019"]
[Site "Ballerup"]
[Date "2019.05.19"]
[Round "8"]
[White "Joensson, Jacob"]
[Black "Heimisson, Hilmir Freyr"]
[Result "0-1"]
[WhiteElo "1970"]
[BlackElo "2311"]
[PlyCount "74"]
[EventDate "2019.05.15"]
[EventRounds "9"]

1. d4 Nf6 2. c4 e6 3. Nf3 d5 4. Nc3 Bb4 5. cxd5 exd5 6. Bg5 Nbd7 7. e3 h6 8.
Bxf6 Qxf6 9. Bd3 c6 10. O-O O-O 11. Qc2 Re8 12. a3 Bf8 13. Rab1 Qd8 14. Ne2 Bd6
15. b4 a6 16. a4 Nf6 17. Ng3 Ne4 18. b5 Nxg3 19. hxg3 cxb5 20. axb5 a5 21. Rfc1
Qf6 22. Qa2 Be6 23. Rc2 g5 24. Rbc1 h5 25. Qb2 Kg7 26. e4 dxe4 27. Bxe4 Bc8 28.
Ne5 a4 29. Bd5 a3 30. Qa1 Bf5 31. Bxb7 Ra7 32. Bc6 Rxe5 33. b6 Ra6 34. Rc5 Rxc5
35. dxc5 Qxa1 36. Rxa1 Bxc5 37. b7 Ba7 0-1

[Event "Copenhagen Chess Challenge 2019"]
[Site "Ballerup"]
[Date "2019.05.19"]
[Round "8"]
[White "Andersen, Kim Nyvang"]
[Black "Rishovd, Svein"]
[Result "1/2-1/2"]
[WhiteElo "2004"]
[BlackElo "2105"]
[PlyCount "71"]
[EventDate "2019.05.15"]
[EventRounds "9"]

1. d4 d5 2. c4 e6 3. Nc3 Bb4 4. cxd5 exd5 5. Qc2 Nf6 6. Bg5 h6 7. Bh4 O-O 8. e3
Nbd7 9. Bd3 c5 10. Nge2 Re8 11. O-O g5 12. Bg3 c4 13. Bf5 a6 14. a4 Nf8 15.
Rab1 Bd7 16. Be5 Qc8 17. Ng3 Bxc3 18. bxc3 Ng4 19. Bxd7 Nxd7 20. Nf5 Ndxe5 21.
dxe5 Rxe5 22. h3 Rxf5 23. hxg4 Rf6 24. Rfd1 Qd7 25. a5 Rd8 26. Rb4 Qxg4 27.
Rxb7 h5 28. Rd4 Qc8 29. Re7 Re6 30. Qf5 Rxe7 31. Qxg5+ Kf8 32. Qh6+ Kg8 33.
Qg5+ Kf8 34. Qh6+ Kg8 35. Qg5+ Kf8 36. Qh6+ 1/2-1/2

[Event "Copenhagen Chess Challenge 2019"]
[Site "Ballerup"]
[Date "2019.05.19"]
[Round "9"]
[White "Chatalbashev, Boris"]
[Black "Ertan, Can"]
[Result "1-0"]
[WhiteElo "2514"]
[BlackElo "2391"]
[PlyCount "95"]
[EventDate "2019.05.15"]
[EventRounds "9"]

1. d4 Nf6 2. c4 e6 3. Nc3 Bb4 4. Nf3 O-O 5. Bg5 d5 6. Qb3 Nc6 7. e3 Re8 8. cxd5
Qxd5 9. Bc4 Qf5 10. O-O Bxc3 11. Qxc3 Ne4 12. Qc2 e5 13. d5 Nxg5 14. Qxf5 Bxf5
15. Nxg5 Na5 16. Be2 c5 17. e4 Bd7 18. Rac1 b6 19. b4 Nb7 20. Ba6 Nd6 21. bxc5
bxc5 22. Rfe1 Rab8 23. Rxc5 Rb2 24. Ra5 Reb8 25. Bd3 R8b7 26. h3 f6 27. Nf3 Kf8
28. Rc1 Ke7 29. Rc3 Bb5 30. Bxb5 Nxb5 31. Rb3 Rxb3 32. axb3 Kd6 33. Nd2 Kc5 34.
Ra4 Nd4 35. f3 Kb5 36. Rc4 f5 37. Rc8 Kb4 38. Nc4 fxe4 39. fxe4 Nxb3 40. Nxe5
Nc5 41. Nc6+ Kb5 42. Nd4+ Kb4 43. Nc6+ Kb5 44. e5 Rd7 45. e6 Rxd5 46. e7 Rd1+
47. Kh2 Re1 48. Nxa7+ 1-0

[Event "Copenhagen Chess Challenge 2019"]
[Site "Ballerup"]
[Date "2019.05.19"]
[Round "9"]
[White "Ramsdal, Jens Albert"]
[Black "Burmakin, Vladimir"]
[Result "0-1"]
[WhiteElo "2245"]
[BlackElo "2519"]
[PlyCount "54"]
[EventDate "2019.05.15"]
[EventRounds "9"]

1. e4 c6 2. d4 d5 3. e5 Bf5 4. Nf3 e6 5. Be2 Ne7 6. O-O Nc8 7. b3 Be7 8. c4 O-O
9. Nc3 f6 10. exf6 Bxf6 11. Bd3 Nd6 12. c5 Bxd3 13. Qxd3 Nf7 14. Re1 Re8 15.
Ne5 Bxe5 16. dxe5 Nd7 17. Qd4 b6 18. Na4 Qe7 19. Ba3 a5 20. Nb2 bxc5 21. Qc3
Qg5 22. Nd3 d4 23. Qc1 Qf5 24. Nxc5 Ndxe5 25. Re4 Nd3 26. Qc2 Nxc5 27. Bxc5 Ng5
0-1

[Event "Copenhagen Chess Challenge 2019"]
[Site "Ballerup"]
[Date "2019.05.19"]
[Round "9"]
[White "Haldorsen, Benjamin"]
[Black "Haub, Thorsten Michael"]
[Result "1-0"]
[WhiteElo "2437"]
[BlackElo "2398"]
[PlyCount "85"]
[EventDate "2019.05.15"]
[EventRounds "9"]

1. c4 g6 2. g3 Bg7 3. Bg2 f5 4. Nc3 Nf6 5. d3 d6 6. e4 Nc6 7. Nge2 O-O 8. O-O
Be6 9. exf5 gxf5 10. b3 Bf7 11. Bb2 e5 12. d4 e4 13. d5 Ne5 14. Nf4 Re8 15. Nb5
Ng6 16. Nh3 f4 17. Ng5 f3 18. Nxf7 Kxf7 19. Bh3 Nh5 20. Bxg7 Nxg7 21. Re1 Re5
22. Nc3 Nf4 23. Bf1 Qe7 24. gxf4 Rh5 25. Nxe4 Qh4 26. h3 Qxf4 27. Qd2 Qh4 28.
Ng3 Rg8 29. Re4 Qf6 30. Qd4 Re5 31. Rxe5 dxe5 32. Qe4 h5 33. h4 Ne8 34. Bh3 Nd6
35. Qh7+ Rg7 36. Qxh5+ Ke7 37. Kh1 e4 38. Re1 Qc3 39. Rf1 b6 40. Nf5+ Nxf5 41.
Qxf5 Kd6 42. Qxe4 Re7 43. Qg6+ 1-0

[Event "Copenhagen Chess Challenge 2019"]
[Site "Ballerup"]
[Date "2019.05.19"]
[Round "9"]
[White "Kaasen, Tor Fredrik"]
[Black "Brynell, Stellan"]
[Result "1/2-1/2"]
[WhiteElo "2398"]
[BlackElo "2406"]
[PlyCount "98"]
[EventDate "2019.05.15"]
[EventRounds "9"]

1. c4 Nf6 2. Nc3 e5 3. Nf3 Nc6 4. d3 g6 5. g3 Bg7 6. Bg2 O-O 7. O-O d6 8. Rb1
a5 9. a3 h6 10. b4 axb4 11. axb4 Be6 12. b5 Ne7 13. Qc2 Qd7 14. Rd1 Bh3 15. Bh1
Ng4 16. d4 Qc8 17. Bb2 Kh7 18. Nd5 Re8 19. dxe5 dxe5 20. Nd2 f5 21. e4 f4 22.
Qb3 Nxd5 23. cxd5 fxg3 24. hxg3 Qd8 25. Nf3 Qd6 26. Rd2 Rf8 27. Rc1 Rf7 28.
Rdc2 Bf8 29. Bg2 Bxg2 30. Kxg2 Bg7 31. Rh1 Bf6 32. Ne1 Be7 33. f3 Nf6 34. Nd3
Nd7 35. Qc3 Qf6 36. Rf2 Bd6 37. Rhf1 Qg5 38. Bc1 Qe7 39. Rh1 g5 40. Qd2 Kg6 41.
Qe2 Rh8 42. Kf1 Nf6 43. Bb2 Nd7 44. Rfh2 Nc5 45. Nf2 Qd7 46. Kg2 h5 47. Qe3
Qxb5 48. Bc3 Qb3 49. Rc1 Rhf8 1/2-1/2

[Event "Copenhagen Chess Challenge 2019"]
[Site "Ballerup"]
[Date "2019.05.19"]
[Round "9"]
[White "Okhotnik, Vladimir"]
[Black "Vasli, Aref"]
[Result "0-1"]
[WhiteElo "2347"]
[BlackElo "2346"]
[PlyCount "136"]
[EventDate "2019.05.15"]
[EventRounds "9"]

1. c4 Nf6 2. Nc3 e5 3. e3 Bb4 4. d4 Nc6 5. Nf3 d6 6. dxe5 Bxc3+ 7. bxc3 dxe5 8.
Qxd8+ Kxd8 9. Ng5 Ke8 10. Bd3 h6 11. Ne4 Nxe4 12. Bxe4 Be6 13. Rb1 f5 14. Bd5
Bxd5 15. cxd5 Na5 16. g4 fxg4 17. Rb4 h5 18. h3 g3 19. fxg3 c5 20. dxc6 b6 21.
Rf1 Ke7 22. Rf5 Ke6 23. Rg5 Kf6 24. h4 Nxc6 25. Rb2 g6 26. c4 Kg7 27. g4 hxg4
28. Rxg4 Rae8 29. Rd2 Rd8 30. Rdg2 Rd6 31. Ba3 Rf6 32. Rd2 Rh5 33. Rd7+ Rf7 34.
Rd6 Rf6 35. Ke2 Rxd6 36. Bxd6 Kf6 37. c5 b5 38. Kf3 Kf5 39. a4 a6 40. axb5 axb5
41. e4+ Kf6 42. Ke2 Rh7 43. Kd2 Ra7 44. Kc1 Ra2 45. Rg3 Nd4 46. Rh3 Re2 47. h5
gxh5 48. Rxh5 Rxe4 49. Kd2 Ke6 50. Rh7 Kd5 51. Kd3 Rg4 52. Rd7 Rg3+ 53. Kd2 b4
54. Re7 Rg2+ 55. Kc1 Re2 56. Re8 b3 57. Rb8 Rc2+ 58. Kb1 Re2 59. Rb4 Rg2 60.
Rb8 Kc4 61. Bxe5 Nc6 62. Bf4 Rg1+ 63. Kb2 Rg2+ 64. Kb1 Nxb8 65. Bxb8 Re2 66.
Bc7 b2 67. c6 Kb3 68. Ba5 Rc2 0-1

[Event "Copenhagen Chess Challenge 2019"]
[Site "Ballerup"]
[Date "2019.05.19"]
[Round "9"]
[White "Antonsen, Mikkel"]
[Black "Jacobsen, Mikkel Manosri"]
[Result "1/2-1/2"]
[WhiteElo "2423"]
[BlackElo "2319"]
[PlyCount "95"]
[EventDate "2019.05.15"]
[EventRounds "9"]

1. Nf3 d5 2. g3 g6 3. Bg2 Bg7 4. d4 Nc6 5. O-O Bg4 6. c3 Qd7 7. b4 a6 8. Nbd2
Bh3 9. Bxh3 Qxh3 10. e4 Nf6 11. e5 Ng4 12. Re1 O-O 13. Nf1 f6 14. e6 g5 15. Qe2
h6 16. b5 Na5 17. N1d2 f5 18. Ba3 Bf6 19. Bb4 axb5 20. Bxa5 Rxa5 21. Nb3 Ra3
22. Qxb5 c6 23. Qxb7 f4 24. Qxc6 Nxf2 25. Kxf2 g4 26. Qxd5 fxg3+ 27. Ke3 gxf3
28. hxg3 Bg5+ 29. Kd3 f2 30. Rf1 Qxg3+ 31. Kc2 Qe3 32. Qc4 Rfa8 33. Kb2 Rxb3+
34. Kxb3 Rb8+ 35. Ka3 Ra8+ 36. Kb3 Rb8+ 37. Ka3 Bf4 38. Qc6 Bd6+ 39. Ka4 Qe2
40. Rfb1 Rxb1 41. Qe8+ Kg7 42. Qf7+ Kh8 43. Qf8+ Kh7 44. Qf5+ Kg7 45. Qf7+ Kh8
46. Qf8+ Kh7 47. Qf7+ Kh8 48. Qf8+ 1/2-1/2

[Event "Copenhagen Chess Challenge 2019"]
[Site "Ballerup"]
[Date "2019.05.19"]
[Round "9"]
[White "Hacker, Jonas"]
[Black "French, Max"]
[Result "1/2-1/2"]
[WhiteElo "2386"]
[BlackElo "2178"]
[PlyCount "60"]
[EventDate "2019.05.15"]
[EventRounds "9"]

1. e4 c6 2. d4 d5 3. e5 c5 4. dxc5 e6 5. a3 Nc6 6. Nf3 Bxc5 7. b4 Bb6 8. Bb2
Nge7 9. Bd3 Ng6 10. O-O O-O 11. Re1 f6 12. exf6 gxf6 13. c4 Nf4 14. Bf1 e5 15.
cxd5 Qxd5 16. Qxd5+ Nxd5 17. Bc4 Be6 18. Nc3 Nf4 19. Bxe6+ Nxe6 20. Nd5 Ncd4
21. Bxd4 Bxd4 22. Rac1 Rf7 23. Ne3 Bxe3 24. Rxe3 Rd8 25. g3 Rfd7 26. Rcc3 Kf7
27. Kg2 Nd4 28. Rc4 Nf5 29. Rec3 Nd6 30. Rc7 Nb5 1/2-1/2

[Event "Copenhagen Chess Challenge 2019"]
[Site "Ballerup"]
[Date "2019.05.19"]
[Round "9"]
[White "Haubro, Martin"]
[Black "Jaksland, Tim"]
[Result "1-0"]
[WhiteElo "2380"]
[BlackElo "2213"]
[PlyCount "175"]
[EventDate "2019.05.15"]
[EventRounds "9"]

1. e4 c5 2. Nf3 e6 3. d4 cxd4 4. Nxd4 Nc6 5. Nc3 Qc7 6. Be3 a6 7. Qf3 Bd6 8.
O-O-O Be5 9. g3 Nge7 10. Qe2 b5 11. f4 Bxd4 12. Bxd4 Nxd4 13. Rxd4 Rb8 14. Qd3
O-O 15. Bg2 Nc6 16. Rd6 b4 17. Na4 f6 18. Rd1 Nd8 19. Qd4 Qa5 20. b3 Nf7 21.
Rb6 Rxb6 22. Qxb6 Qh5 23. h4 Qe2 24. Qg1 d6 25. Rd2 Qb5 26. Qb6 Qxb6 27. Nxb6
Bb7 28. Rd4 a5 29. Nc4 e5 30. Rd2 Ra8 31. Nxd6 Nxd6 32. Rxd6 exf4 33. gxf4 f5
34. Rd7 Bxe4 35. Bxe4 fxe4 36. Re7 Rf8 37. Rxe4 Rf5 38. Kb2 Rh5 39. a3 bxa3+
40. Kxa3 Rxh4 41. c4 Rh1 42. Ka4 Ra1+ 43. Kb5 Ra3 44. c5 Rxb3+ 45. Kxa5 Kf7 46.
c6 Rc3 47. Kb6 Rb3+ 48. Ka7 Ra3+ 49. Kb8 Rb3+ 50. Kc8 h5 51. c7 h4 52. Kd7 Rd3+
53. Kc6 Rc3+ 54. Kd6 h3 55. Re3 Rxe3 56. c8=Q Rd3+ 57. Ke5 Re3+ 58. Kd4 Re6 59.
Qd7+ Kf6 60. Kd5 Re3 61. Qg4 Kf7 62. Kd4 Re6 63. Qxh3 Rf6 64. Ke5 Ke7 65. Qh8
Kf7 66. Qc8 Rh6 67. Qd7+ Kf8 68. Kf5 Rf6+ 69. Kg5 Rh6 70. Qf5+ Kg8 71. Qe5 Kf7
72. Qc7+ Kf8 73. Qc5+ Kf7 74. Qd5+ Kf8 75. Qe5 Kf7 76. Qb8 Rg6+ 77. Kf5 Rf6+
78. Ke5 Re6+ 79. Kd5 Rf6 80. Qc7+ Kf8 81. Ke5 Rh6 82. Kf5 Rf6+ 83. Kg5 Rh6 84.
f5 Rf6 85. Qd8+ Kf7 86. Qxf6+ gxf6+ 87. Kh6 Kf8 88. Kg6 1-0

[Event "Copenhagen Chess Challenge 2019"]
[Site "Ballerup"]
[Date "2019.05.19"]
[Round "9"]
[White "Heimisson, Hilmir Freyr"]
[Black "Liu, Casper Yukun"]
[Result "0-1"]
[WhiteElo "2311"]
[BlackElo "2228"]
[PlyCount "78"]
[EventDate "2019.05.15"]
[EventRounds "9"]

1. e4 e5 2. Nf3 Nc6 3. Bc4 Bc5 4. O-O Nf6 5. d3 O-O 6. Bb3 d5 7. exd5 Nxd5 8.
Re1 Bg4 9. Nbd2 Nf4 10. Ba4 Qd5 11. Bxc6 bxc6 12. Ne4 Bb6 13. Bxf4 exf4 14. h3
Bh5 15. Nc3 Qf5 16. Re4 Qg6 17. Qe2 f5 18. Re7 Rae8 19. Nh4 Qg5 20. Qe6+ Bf7
21. Qxf7+ Rxf7 22. Rxe8+ Rf8 23. Rxf8+ Kxf8 24. Nf3 Qf6 25. Re1 g5 26. Ne5 Kg7
27. Nc4 Bd4 28. Ne2 Bxb2 29. Rb1 Be5 30. Rb7 a6 31. d4 Bxd4 32. Rxc7+ Kh6 33.
h4 f3 34. gxf3 gxh4 35. Nxd4 Qxd4 36. Rxc6+ Kg5 37. f4+ Kg4 38. Ne3+ Kf3 39.
Rh6 Qg7+ 0-1

[Event "Copenhagen Chess Challenge 2019"]
[Site "Ballerup"]
[Date "2019.05.19"]
[Round "9"]
[White "Thorsbro, Peter"]
[Black "Nielsen, Viktor Haarmark"]
[Result "0-1"]
[WhiteElo "2116"]
[BlackElo "2279"]
[PlyCount "130"]
[EventDate "2019.05.15"]
[EventRounds "9"]

1. d4 d5 2. c4 e6 3. Nc3 Bb4 4. Nf3 Nf6 5. cxd5 exd5 6. Bg5 Qd6 7. Bxf6 Qxf6 8.
Qa4+ Nc6 9. e3 O-O 10. Be2 Be6 11. a3 Bd6 12. Nb5 Rfc8 13. Nxd6 cxd6 14. O-O a6
15. b4 Ra7 16. b5 axb5 17. Qxb5 Qd8 18. Rfc1 h6 19. Ne1 Qa5 20. Qb2 Ne7 21. Nd3
Bd7 22. Nf4 Rxc1+ 23. Qxc1 b5 24. Nd3 Nc6 25. Rb1 Ne7 26. Rb3 Rc7 27. Qb2 Nc8
28. h3 Nb6 29. Nb4 Qa8 30. Na2 Nc4 31. Bxc4 dxc4 32. Rb4 Bc6 33. d5 Bxd5 34.
Rxb5 Rc8 35. f3 Be6 36. e4 Qa7+ 37. Kh2 Ra8 38. e5 dxe5 39. Qxe5 Qxa3 40. Nc3
Qa1 41. Rb8+ Rxb8 42. Qxb8+ Kh7 43. Qe5 Qa8 44. Ne4 Qd5 45. Qxd5 Bxd5 46. Nc3
Be6 47. Kg3 Kg6 48. Kf4 Kh5 49. Kg3 g5 50. f4 Bd7 51. fxg5 hxg5 52. Nd1 f5 53.
Nc3 Bc6 54. Ne2 Kg6 55. h4 f4+ 56. Kf2 gxh4 57. Nxf4+ Kf5 58. Ne2 Ke4 59. g4
Kd3 60. g5 Be8 61. g6 Bxg6 62. Nf4+ Kd2 63. Nxg6 c3 64. Nf4 h3 65. Nd5 c2 0-1

[Event "Copenhagen Chess Challenge 2019"]
[Site "Ballerup"]
[Date "2019.05.19"]
[Round "9"]
[White "Laustsen, Lars"]
[Black "Basak, Souhardo"]
[Result "1/2-1/2"]
[WhiteElo "2140"]
[BlackElo "2082"]
[PlyCount "45"]
[EventDate "2019.05.15"]
[EventRounds "9"]

1. d4 Nf6 2. c4 e6 3. g3 Bb4+ 4. Bd2 Qe7 5. Nf3 Bxd2+ 6. Qxd2 d5 7. Bg2 O-O 8.
O-O Rd8 9. Qc2 c5 10. cxd5 cxd4 11. Nxd4 Nxd5 12. Bxd5 exd5 13. Nc3 Nc6 14.
Rfd1 Be6 15. Rd2 Ne5 16. Rad1 Nc4 17. Rd3 Ne5 18. Re3 Ng4 19. Red3 Ne5 20. Re3
Ng4 21. Red3 Ne5 22. Re3 Ng4 23. Red3 1/2-1/2

[Event "Copenhagen Chess Challenge 2019"]
[Site "Ballerup"]
[Date "2019.05.19"]
[Round "9"]
[White "Fossan, Aleksander"]
[Black "Hoi, Carsten"]
[Result "1/2-1/2"]
[WhiteElo "2075"]
[BlackElo "2341"]
[PlyCount "72"]
[EventDate "2019.05.15"]
[EventRounds "9"]

1. e4 g6 2. d4 Bg7 3. Nc3 d6 4. Be3 c6 5. Qd2 b5 6. Bd3 Nd7 7. Nf3 Nb6 8. h3
Nf6 9. Bh6 O-O 10. O-O b4 11. Ne2 c5 12. e5 Nfd5 13. Bxg7 Kxg7 14. a3 bxa3 15.
Rxa3 Bb7 16. Ng3 f6 17. exf6+ exf6 18. c3 a5 19. Rfa1 a4 20. h4 Nc7 21. h5 Bxf3
22. gxf3 f5 23. Kg2 Ne6 24. Re1 Qg5 25. Qxg5 Nxg5 26. f4 Nf7 27. Re6 Rfe8 28.
Rxe8 Rxe8 29. Bb5 Ra8 30. Bc6 Ra7 31. dxc5 dxc5 32. b3 Nd8 33. Bxa4 c4 34. Ra2
Ne6 35. hxg6 hxg6 36. Ne2 Nc5 1/2-1/2

[Event "Copenhagen Chess Challenge 2019"]
[Site "Ballerup"]
[Date "2019.05.19"]
[Round "9"]
[White "Eriksson, Christian Altenburg"]
[Black "Kreken, Eivind Grunt"]
[Result "1-0"]
[WhiteElo "2146"]
[BlackElo "1634"]
[PlyCount "71"]
[EventDate "2019.05.15"]
[EventRounds "9"]

1. e4 e5 2. Nf3 Nf6 3. Nxe5 d6 4. Nf3 Nxe4 5. Nc3 Nf6 6. d4 d5 7. Bd3 Bd6 8.
Bg5 c6 9. O-O O-O 10. h3 h6 11. Bh4 Nbd7 12. Ne2 Re8 13. c4 dxc4 14. Bxc4 Nb6
15. Bd3 Nbd5 16. Nc3 g5 17. Bg3 Bxg3 18. fxg3 Ne3 19. Qd2 Nxf1 20. Rxf1 Nd5 21.
Ne5 Be6 22. Qf2 Qe7 23. Ne4 Kg7 24. Bb1 Rad8 25. Nc5 Rf8 26. Re1 Qf6 27. Qc2
Rh8 28. Qe4 Qe7 29. Ng6 Qf6 30. Nxh8 Rxh8 31. Rf1 Qe7 32. Qe5+ Kg8 33. Re1 b6
34. Nxe6 fxe6 35. Rf1 c5 36. Bg6 1-0

[Event "Copenhagen Chess Challenge 2019"]
[Site "Ballerup"]
[Date "2019.05.19"]
[Round "9"]
[White "Moe, Mogens"]
[Black "Shehzad, Shazil"]
[Result "1-0"]
[WhiteElo "2136"]
[BlackElo "2016"]
[PlyCount "61"]
[EventDate "2019.05.15"]
[EventRounds "9"]

1. e4 c5 2. Nf3 d6 3. d4 cxd4 4. Nxd4 Nf6 5. Nc3 a6 6. Bg5 e6 7. f4 h6 8. Bh4
Qb6 9. a3 Be7 10. Bf2 Qc7 11. Qf3 Nbd7 12. O-O-O b5 13. Qg3 Rg8 14. Be2 Bb7 15.
Bf3 Nb6 16. e5 dxe5 17. Nxe6 fxe6 18. Qg6+ Kf8 19. Bxb7 exf4 20. Bxa8 Nxa8 21.
Rhe1 Qc6 22. Bd4 Nc7 23. Rd2 a5 24. Ne4 Ncd5 25. Rde2 Nd7 26. Nd2 Nc7 27. Nf3
Qc4 28. Re4 Qa2 29. Rxf4+ Bf6 30. Ne5 Nxe5 31. Bc5# 1-0

[Event "Copenhagen Chess Challenge 2019"]
[Site "Ballerup"]
[Date "2019.05.19"]
[Round "9"]
[White "Rishovd, Svein"]
[Black "Sidali, Elias Hulleberg"]
[Result "1-0"]
[WhiteElo "2105"]
[BlackElo "1953"]
[PlyCount "72"]
[EventDate "2019.05.15"]
[EventRounds "9"]

1. c4 Nf6 2. g3 e6 3. Bg2 d5 4. Nf3 Be7 5. d4 O-O 6. O-O dxc4 7. Qc2 a6 8. a4
Bd7 9. Qxc4 Bc6 10. Bg5 Bd5 11. Qc2 Nc6 12. Bxf6 gxf6 13. e4 Nb4 14. Qe2 Bc6
15. Nc3 Re8 16. Rfd1 Bf8 17. Nh4 Bg7 18. d5 Bd7 19. Qc4 a5 20. Nb5 Bxb5 21.
axb5 Qe7 22. Rac1 Rac8 23. dxe6 fxe6 24. Nf5 Qf7 25. Nxg7 Kxg7 26. e5 c6 27.
exf6+ Qxf6 28. Rd7+ Re7 29. Rcd1 Nd5 30. R1xd5 exd5 31. Rxe7+ Kf8 32. Qg4 Qxe7
33. Qxc8+ Kg7 34. b6 Qe1+ 35. Bf1 d4 36. Qxb7+ Kh8 1-0

[Event "Copenhagen Chess Challenge 2019"]
[Site "Ballerup"]
[Date "2019.05.19"]
[Round "9"]
[White "Lilja, Richard"]
[Black "Andersen, Kim Nyvang"]
[Result "1-0"]
[WhiteElo "2103"]
[BlackElo "2004"]
[PlyCount "99"]
[EventDate "2019.05.15"]
[EventRounds "9"]

1. e4 c5 2. Nc3 Nc6 3. Bb5 e6 4. Bxc6 bxc6 5. d3 d6 6. Nf3 e5 7. b3 Ne7 8. O-O
Ng6 9. Ne2 Bg4 10. Nd2 Be7 11. f3 Be6 12. Kh1 O-O 13. Rb1 f5 14. exf5 Bxf5 15.
a4 Qd7 16. Ba3 Rf6 17. Ne4 Rf7 18. Qd2 h6 19. Rbd1 Raf8 20. Qc3 Nh4 21. N2g3
Bh3 22. gxh3 Qxh3 23. Qd2 d5 24. Nxc5 Rxf3 25. Rxf3 Rxf3 26. Rg1 Bg5 27. Qe2
Be3 28. Rg2 Qxg2+ 29. Qxg2 Nxg2 30. Kxg2 Rf2+ 31. Kh3 Rxc2 32. Nd7 Bg1 33. Nxe5
Rxh2+ 34. Kg4 Rc2 35. Bd6 Bc5 36. Bxc5 Rxc5 37. Nf5 Rc3 38. b4 Ra3 39. a5 c5
40. bxc5 Rxa5 41. c6 Rc5 42. d4 Rc3 43. Ne7+ Kf8 44. Nxd5 Rc1 45. Ne3 Ke8 46.
N3c4 Kd8 47. d5 Rd1 48. d6 a5 49. c7+ Kc8 50. Nb6+ 1-0

[Event "Copenhagen Chess Challenge 2019"]
[Site "Ballerup"]
[Date "2019.05.19"]
[Round "9"]
[White "Svendsen, Mads O"]
[Black "Joensson, Jacob"]
[Result "1-0"]
[WhiteElo "2062"]
[BlackElo "1970"]
[PlyCount "55"]
[EventDate "2019.05.15"]
[EventRounds "9"]

1. e4 e6 2. d4 d5 3. exd5 exd5 4. c4 Nf6 5. Nc3 Bd6 6. Bd3 O-O 7. Nge2 dxc4 8.
Bxc4 Nbd7 9. O-O Nb6 10. Bb3 Bf5 11. Ng3 Bg6 12. f4 h6 13. f5 Bh7 14. Be3 Qd7
15. Qf3 c6 16. Rae1 Rfe8 17. Nce4 Nxe4 18. Nxe4 Bb4 19. Re2 Qxf5 20. Bxf7+ Kh8
21. Bxe8 Qxe4 22. Bh5 Qxf3 23. Rxf3 Be4 24. Rh3 Bd3 25. Rf2 Be1 26. Rf7 Bc4 27.
Rxb7 Rf8 28. Rf3 1-0

[Event "Copenhagen Chess Challenge 2019"]
[Site "Ballerup"]
[Date "2019.05.19"]
[Round "9"]
[White "Hvalsoe, Rune"]
[Black "Nesse, David"]
[Result "0-1"]
[WhiteElo "2004"]
[BlackElo "1764"]
[PlyCount "116"]
[EventDate "2019.05.15"]
[EventRounds "9"]

1. e4 c5 2. d4 cxd4 3. c3 Nf6 4. e5 Nd5 5. Nf3 Nc6 6. cxd4 d6 7. Bc4 Nb6 8. Bb3
d5 9. h3 Bf5 10. O-O e6 11. Nc3 Be7 12. Ne2 O-O 13. Ng3 Bg6 14. a3 a5 15. Re1
Qb8 16. h4 h6 17. h5 Bh7 18. Nh2 Qd8 19. Ng4 Bg5 20. f4 Bh4 21. Ne2 Bf5 22. Ne3
Bxe1 23. Nxf5 exf5 24. Qxe1 Kh7 25. Bc2 Qd7 26. g4 Ne7 27. Qh4 g6 28. Ng3 Qe6
29. gxf5 Nxf5 30. Nxf5 gxf5 31. Qh3 Rg8+ 32. Kf2 Kh8 33. Bxf5 Qe7 34. Bd2 Rg7
35. Rg1 Rxg1 36. Kxg1 Rg8+ 37. Kf2 Nc4 38. Bc3 b5 39. b3 Nxa3 40. Bxa5 Qa7 41.
Bc3 b4 42. Bb2 Nb5 43. Bd3 Qa2 44. Bxb5 Qxb2+ 45. Ke3 Qc3+ 46. Bd3 Rg1 47. Kf2
Re1 48. Qf3 Rc1 49. Qe3 Qb2+ 50. Kg3 Rh1 51. Be2 Qc3 52. Qf3 Qxf3+ 53. Bxf3 Rb1
54. Bxd5 Kg7 55. Bc4 Rc1 56. Kf3 Rxc4 57. bxc4 b3 58. d5 b2 0-1

[Event "Copenhagen Chess Challenge 2019"]
[Site "Ballerup"]
[Date "2019.05.19"]
[Round "9"]
[White "Lye, Sverre"]
[Black "Tandrup, Michael"]
[Result "1/2-1/2"]
[WhiteElo "1749"]
[BlackElo "1982"]
[PlyCount "92"]
[EventDate "2019.05.15"]
[EventRounds "9"]

1. e4 c5 2. Nf3 d6 3. Bb5+ Bd7 4. Bxd7+ Qxd7 5. c4 e5 6. Nc3 Nc6 7. d3 g6 8. h4
h5 9. a3 Bg7 10. Nd5 Nf6 11. Nxf6+ Bxf6 12. Be3 Qg4 13. g3 Qd7 14. b4 b6 15. b5
Nd8 16. Bg5 Qe7 17. Bxf6 Qxf6 18. Ng5 Ne6 19. Nxe6 fxe6 20. O-O O-O 21. Kg2 Rf7
22. f4 exf4 23. Rxf4 Qb2+ 24. Kh3 Raf8 25. Rb1 Qe5 26. Rxf7 Rxf7 27. Qe2 d5 28.
cxd5 exd5 29. Re1 Re7 30. Qf2 c4 31. dxc4 dxe4 32. Qc2 Kh7 33. Kh2 Qd4 34. Re2
e3 35. Qb3 Kg7 36. a4 Re4 37. Qa3 Qe5 38. Kg2 g5 39. hxg5 Qxg5 40. Qc3+ Kh7 41.
Qd3 Qg6 42. Rxe3 Rxe3 43. Qxe3 Qc2+ 44. Kf3 Qxc4 45. Qe7+ Kg6 46. Qd6+ Kg7
1/2-1/2

[Event "Copenhagen Chess Challenge 2019"]
[Site "Ballerup"]
[Date "2019.05.19"]
[Round "9"]
[White "Steenstrup, Svend"]
[Black "Koch Mueller, Oscar"]
[Result "1/2-1/2"]
[WhiteElo "1936"]
[BlackElo "1919"]
[PlyCount "128"]
[EventDate "2019.05.15"]
[EventRounds "9"]

1. e4 e6 2. d4 d5 3. e5 c5 4. c3 Nc6 5. Nf3 Qb6 6. Bd3 cxd4 7. cxd4 Bd7 8. O-O
Nxd4 9. Nbd2 Nc6 10. Nb3 Nb4 11. Be3 Qd8 12. Be2 Ne7 13. Nc5 Nf5 14. Bg5 Qc7
15. Nxd7 Qxd7 16. g4 Ne7 17. a3 Nbc6 18. b4 Ng6 19. Bb5 Rc8 20. Rc1 a6 21. Bxc6
Rxc6 22. Qe2 Be7 23. Rxc6 Qxc6 24. Rc1 Qd7 25. Bxe7 Nxe7 26. b5 O-O 27. bxa6
Ra8 28. axb7 Qxb7 29. Qd3 Qa6 30. Qxa6 Rxa6 31. Rc3 f6 32. Kf1 Nc6 33. exf6
gxf6 34. g5 f5 35. h4 d4 36. Rb3 e5 37. h5 e4 38. Nh4 Ne7 39. Ke2 d3+ 40. Kd2
Kf7 41. f3 Ra4 42. f4 Rc4 43. Rb2 Ra4 44. Rb3 Rc4 45. Rc3 Rxc3 46. Kxc3 Nd5+
47. Kd2 Nxf4 48. Nxf5 Ke6 49. Ng3 Kd5 50. g6 hxg6 51. h6 g5 52. a4 Ng6 53. a5
Kc5 54. a6 Kb6 55. a7 Kxa7 56. Nxe4 Kb6 57. Nxg5 Kc6 58. Kxd3 Kd5 59. Ke3 Ke5
60. Nf7+ Kf6 61. Nd6 Kg5 62. Nf7+ Kf6 63. Nd8 Kg5 64. Nf7+ Kf6 1/2-1/2

[Event "Copenhagen Chess Challenge 2019"]
[Site "Ballerup"]
[Date "2019.05.19"]
[Round "9"]
[White "Egli, Urs"]
[Black "Haubro, Sigfred"]
[Result "1/2-1/2"]
[WhiteElo "1906"]
[BlackElo "2109"]
[PlyCount "60"]
[EventDate "2019.05.15"]
[EventRounds "9"]

1. f4 d5 2. g3 c5 3. Bg2 Nf6 4. Nf3 Bf5 5. c4 e6 6. d3 Be7 7. O-O O-O 8. Ne5
Nc6 9. cxd5 exd5 10. Nc3 d4 11. Nxc6 bxc6 12. Nb1 Nd5 13. Na3 Rc8 14. Nc4 Nb6
15. b3 Nd5 16. Bd2 Qd7 17. Qe1 Bh3 18. Qf2 Bxg2 19. Qxg2 f5 20. Rac1 Rfe8 21.
Ne5 Qd6 22. h3 Bf6 23. Nc4 Qe7 24. Rfe1 Qe6 25. Qf3 Nb6 26. Kf2 h6 27. h4 Nd5
28. Rc2 Be7 29. Rcc1 Bf6 30. Rc2 Be7 1/2-1/2